000
00308nam a22001337a 4500
008
170825b xxu||||| |||| 00| 0 eng d
020
_a
9781933005263
041
_a
eng
080
_a
070
100
_a
39
101
_a
MAT
245
_a
COMMUNICATION RESEARSH STYLE MANUAL
_c
SPARKS.L
942
_2
udc
_c
BK
999
_c
25024
_d
25024